000 01227cam a2200301 a 4500
999 _c2735
_d2735
001 005974501
003 OSt
005 20230818091823.0
008 120803s2012 nyua 000 0 eng d
020 _a0194323455
_q(pbk.)
020 _a9780194323482
_q(pbk.;
_qv.3)
035 _a(OCoLC)804049392
_z(OCoLC)804049394
_z(OCoLC)804049395
_z(OCoLC)804049397
040 _aYDXCP
_beng
_cYDXCP
_dBTCTA
_dOCLCQ
_dOBE
_dNCHU
_dKH8
042 _anbic
082 0 _a808.042 LIS
100 1 _aLiss, Rhonda,
_eauthor.
245 1 0 _aEffective academic writing /
_cRhonda Liss.
250 _a2nd ed.
260 _aNew York :
_bOxford University Press,
_cc2012.
300 _a3 v. :
_bill. (some col.) ;
_c28 cm.
500 _a"Includes student online access code"--Cover.
505 0 _aIntro : developing ideas / Alice Savage -- bk. 1. The paragraph / Alice Savage, Masoud Shafiei -- bk. 2. The short essay / Alice Savage, Patricia Mayer -- bk. 3. The researched essay / Rhonda Liss, Jason Davis.
650 0 _aEnglish language
_xRhetoric
_vProblems, exercises, etc.
650 0 _aEssay
_xAuthorship
_vProblems, exercises, etc.
650 0 _aReport writing
_vProblems, exercises, etc.
700 _aDavis, Jason,
_eauthor.
942 _2ddc
_cTR